000 00745nam a2200217Ii 4500
003 JO-AjNU
008 230605s9999||||xx |||||||||||||| ||und||
017 _a2003/10998
020 _a977-327-373-3
040 _aJO-AjNU
_bara
_erda
_cJO-AjNU
041 _aara
050 1 4 _aPJ7561.K426 2003
100 3 _aخفاجي،محمد عبد المنعم,
_eauthor
_934072
245 0 0 _aمدارس الشعر الحديث
264 3 1 _aالإسكنرية:دار الوفاء لدنيا الطباعة والنشر،2003
300 _a241ص
336 _atext
_btxt
_2rdacontent
337 _aunmediated
_bn
_2rdamedia
338 _avolume
_bnc
_2rdacarrier
650 4 _aالشعر العربي-تاريخ ونقد-القرن العشرين
_934073
999 _aA13931
_c17499
_d17499